000 00495nam a2200181Ia 4500
003 GCL
008 140319s9999 xx 000 0 ara d
040 _aGCL /
_cGCL
082 0 4 _a810
_bج س
100 1 _aجورج ازوط
245 1 0 _aسهيل وادريس: فى قصصه ومواقفه /
_cجورج ازوط
300 _a429
490 _a100 قصة
_v0
650 0 4 _aالادب العربى
650 0 4 _aالقصص العربية
650 0 4 _aسهيل ادريس
942 _2ddc
_cBK
999 _c45825
_d45825